History Quiz

Random History Quiz

Presidents of Rwanda Quiz Stats

Quiz not verified by Sporcle

Challenge
Share
Tweet
Embed
Score 0/5 Timer 05:00
0 Plays Today
Hint Answer % Correct
2000-presentPaul Kagame
100%
1973-1994Juvenal Habyarimana
80%
1962-1973Gregoire Kayibanda
40%
1994 (interim)Theodore Sindikubwabo
20%
1994-2000Pasteur Bizimungu
20%

You're not logged in!

Compare scores with friends on all Sporcle quizzes.
Join for Free
OR
Log In

You Might Also Like...

Show Comments

Extras

Created May 31, 2016ReportNominate
Tags:President

Top Quizzes Today


Score Distribution

Your Account Isn't Verified!

In order to create a playlist on Sporcle, you need to verify the email address you used during registration. Go to your Sporcle Settings to finish the process.

Report this User

Report this user for behavior that violates our Community Guidelines.

Details: